000 004190000a22001810004500
003 LK-CoMWRAF
008 230817t ||||| |||| 00| 0 eng d
040 _aLK-CoMWRAF
_dLK-CoMWRAF
_eLK-CoMWRAF
041 _aeng
082 _a022
_bPUT
100 _aPuthumaipithan
245 _aAthikaram Yarukku
_b
250 _a2nd.ed
260 _aChennai
_bVayal
_c1987
300 _ap.38
650 _aliterature
942 _cBK
999 _c2709
_d2709